| 000 | 01337 a2200181 4500 | ||
|---|---|---|---|
| 003 | Nust | ||
| 005 | 20230504133132.0 | ||
| 040 | _cNust | ||
| 082 | _a639.1,CAR | ||
| 100 |
_aWilliam Guy Carr _9112121 |
||
| 245 |
_aGood hunting being volume three of "by Guess and by God" / _cWilliam Guy Carr |
||
| 260 |
_aLondon _bHutchinson & Co _c1940 |
||
| 300 |
_a288 p _billus _c24 cm |
||
| 505 | _aIntroduction (Page -9), Using a sprat to catch a mackrel (Page-25), Just a nice quiet time at sea (Page-52), The story of submarines e4 and e41 (Page-68), Activities in the north sea admiral scheer,s attempt to break up the dover patrol (Page -98), Trying to pick chestnut out of the fire we burn our fingers badly (Page-112), The c.m.b.s more and varied ways of hunting (Page-129), The felixstowe war flight (Page-144), Hunting fritz from the air.some of it good-some of it bad (Page-163), Discipline in the royal navy (Page-182), Harry tate,s navy (Page-197), Hard luck and a gallant rescue (Page-218), What happened when corned beef and cabbage turned sour (Page-235), The end of an air raider (Page-242), The international situation (Page-251), Conclusion an indictment of germany,s policy (Page-263). | ||
| 600 |
_aWilliam Guy Carr _9112121 |
||
| 650 |
_aGood hunting being volume three of "by Guess and by God" _9112122 |
||
| 942 |
_2ddc _cBK |
||
| 999 |
_c184076 _d184076 |
||